Místo sociální práce v mezinárodní pomoci a spolupráci
Medzinárodná sociálna práca a práca so skupinami a komunitami v rozvojových krajinách. Zahraničná pomoc reaguje na problémy vo svete (vojny, prírodné katastrofy, či extrémna chudoba). Takúto pomoc nazývame humanitárnou, rozvojovou pomocou a spoluprácou.
Salvato in:
| Autore principale: | |
|---|---|
| Natura: | Capitolo di libro |
| Lingua: | ceco |
| Soggetti: | |
| Tags: |
Nessun Tag, puoi essere il primo ad aggiungerne!!
|
MARC
| LEADER | 00000naa a2200000 4500 | ||
|---|---|---|---|
| 001 | 0200998 | ||
| 005 | 20220729110641.8 | ||
| 041 | 0 | |a cze | |
| 044 | |a CZ | ||
| 245 | 1 | 0 | |a Místo sociální práce v mezinárodní pomoci a spolupráci |c Květoslava Princová |
| 520 | |a Medzinárodná sociálna práca a práca so skupinami a komunitami v rozvojových krajinách. Zahraničná pomoc reaguje na problémy vo svete (vojny, prírodné katastrofy, či extrémna chudoba). Takúto pomoc nazývame humanitárnou, rozvojovou pomocou a spoluprácou. | ||
| 610 | 2 | 0 | |a krajiny rozvojové |
| 610 | 2 | 0 | |a pomoc humanitárna |
| 610 | 2 | 0 | |a programy rozvojové |
| 610 | 2 | 0 | |a pomoc rozvojová |
| 610 | 2 | 0 | |a pomoc zahraničná |
| 610 | 2 | 0 | |a práca sociálna |
| 100 | 1 | |a Princová, Květoslava | |